[Event "Kecskemet Caissa IM 11"]
[Site "Kecskemet"]
[Date "2013.11.22"]
[Round "7"]
[White "Cuhendi, Sean Winshand"]
[Black "Sarosi, Zoltan"]
[Result "0-1"]
[WhiteElo "2317"]
[BlackElo "2256"]
[PlyCount "70"]
[EventDate "2013.11.16"]
[EventType "tourn"]
[EventRounds "10"]
[EventCountry "HUN"]
[EventCategory "2"]
[SourceTitle "CBM 157 Extra"]
[Source "ChessBase"]
[SourceDate "2013.12.19"]
[SourceVersion "1"]
[SourceVersionDate "2013.12.19"]
[SourceQuality "1"]

1. e4 c5 2. Nf3 Nc6 3. d4 cxd4 4. Nxd4 Nf6 5. Nc3 d6 6. Bg5 e6 7. Qd2 Be7 8. 0-0-0 a6 9. f4 Nxd4 10. Qxd4 b5 11. Bxf6 gxf6 12. Bd3 Qc7 13. Qe3 b4 14. Ne2 Bd7 15. Kb1 a5 16. f5 a4 17. Nf4 a3 18. b3 Qc3 19. Kc1 Bf8 20. Ne2 Qe5 21. Kd2 h5 22. Qd4 Bh6+ 23. Ke1 Qxd4 24. Nxd4 Bf4 25. g3 Be5 26. Nf3 Bc3+ 27. Kf2 Bc6 28. Rhf1 Ra5 29. Bc4 Ke7 30. Nh4 Bxe4 31. Bd3 Bxd3 32. Rxd3 Rc8 33. Ke2 Rac5 34. Kd1 e5 35. Ng2 d5 0-1

[Event "Kecskemet Caissa IM 11"]
[Site "Kecskemet"]
[Date "2013.11.21"]
[Round "6"]
[White "Farkas, Tibor"]
[Black "Sarosi, Zoltan"]
[Result "1/2-1/2"]
[WhiteElo "2237"]
[BlackElo "2256"]
[PlyCount "33"]
[EventDate "2013.11.16"]
[EventType "tourn"]
[EventRounds "10"]
[EventCountry "HUN"]
[EventCategory "2"]
[SourceTitle "CBM 157 Extra"]
[Source "ChessBase"]
[SourceDate "2013.12.19"]
[SourceVersion "1"]
[SourceVersionDate "2013.12.19"]
[SourceQuality "1"]

1. e4 e5 2. Nf3 Nc6 3. Bb5 a6 4. Ba4 Nf6 5. 0-0 Be7 6. Re1 d6 7. c3 0-0 8. h3 b5 9. Bb3 d5 10. d3 Bb7 11. Nbd2 dxe4 12. dxe4 Bc5 13. Nf1 Qxd1 14. Rxd1 h6 15. Be3 Bxe3 16. Nxe3 Rad8 17. a4 1/2-1/2

[Event "Kecskemet Caissa IM 11"]
[Site "Kecskemet"]
[Date "2013.11.20"]
[Round "5"]
[White "Lyell, Mark"]
[Black "Sarosi, Zoltan"]
[Result "1-0"]
[WhiteElo "2274"]
[BlackElo "2256"]
[PlyCount "81"]
[EventDate "2013.11.16"]
[EventType "tourn"]
[EventRounds "10"]
[EventCountry "HUN"]
[EventCategory "2"]
[SourceTitle "CBM 157 Extra"]
[Source "ChessBase"]
[SourceDate "2013.12.19"]
[SourceVersion "1"]
[SourceVersionDate "2013.12.19"]
[SourceQuality "1"]

1. e4 d5 2. exd5 Nf6 3. d4 Nxd5 4. c4 Nb6 5. c5 Nd5 6. Bc4 c6 7. Nc3 e6 8. Nf3 Be7 9. 0-0 Nd7 10. Re1 0-0 11. Qd3 b6 12. cxb6 axb6 13. a3 Bb7 14. Bd2 c5 15. Nxd5 exd5 16. Bb5 Nf6 17. Ne5 h6 18. Rad1 Qc7 19. Nd7 Nxd7 20. Rxe7 Bc6 21. Bxc6 Qxc6 22. Rde1 Nf6 23. R1e6 Qxe6 24. Rxe6 fxe6 25. Qg6 cxd4 26. Bxh6 Ra7 27. h4 e5 28. Bg5 Raf7 29. h5 Ne4 30. h6 d3 31. hxg7 Rxg7 32. Qe6+ Rff7 33. Bh6 Nxf2 34. Qe8+ Kh7 35. Bxg7 d2 36. Qh8+ Kg6 37. Qh6+ Kf5 38. Qh5+ Ke4 39. Qe2+ Kd4 40. Bxe5+ Kc5 41. Qxd2 1-0

[Event "Kecskemet Caissa IM 10"]
[Site "Kecskemet"]
[Date "2013.10.27"]
[Round "9"]
[White "Sarosi, Zoltan"]
[Black "Lyell, Mark"]
[Result "1/2-1/2"]
[WhiteElo "2272"]
[BlackElo "2259"]
[PlyCount "120"]
[EventDate "2013.10.19"]
[EventType "tourn"]
[EventRounds "9"]
[EventCountry "HUN"]
[EventCategory "2"]
[SourceTitle "EXT 2014"]
[Source "ChessBase"]
[SourceDate "2013.11.20"]
[SourceVersion "1"]
[SourceVersionDate "2013.11.20"]
[SourceQuality "1"]

1. Nf3 f5 2. d4 Nf6 3. g3 e6 4. Bg2 Be7 5. 0-0 0-0 6. b3 Qe8 7. c4 d6 8. Nc3 Ne4 9. Nxe4 fxe4 10. Ne1 d5 11. f3 Nc6 12. fxe4 Rxf1+ 13. Kxf1 Qf8+ 14. Kg1 dxc4 15. Nf3 e5 16. d5 Bc5+ 17. e3 Qd6 18. Qe2 Nd8 19. Bb2 Nf7 20. bxc4 Bg4 21. h3 Bd7 22. Kh2 a6 23. a4 Re8 24. Bc3 Qb6 25. a5 Qb3 26. Qb2 Qxb2 27. Bxb2 Bxe3 28. Bf1 g5 29. Bd3 h5 30. Re1 Bc5 31. Bc3 g4 32. hxg4 hxg4 33. Nh4 Bd4 34. Bd2 Nd6 35. Rf1 Rf8 36. Kg2 Rxf1 37. Kxf1 Kf7 38. Ng2 Ne8 39. Ne3 Nf6 40. Nc2 Bb2 41. Ke2 Ba4 42. Ne3 Bd7 43. Be1 Bd4 44. Nc2 Bb2 45. c5 c6 46. Nb4 Bd4 47. dxc6 Bxc6 48. Nxc6 bxc6 49. Bb4 Ke8 50. Bxa6 Nxe4 51. Bb7 Kd7 52. a6 Kc7 53. Ba5+ Kb8 54. Bb6 Bxc5 55. Bxc5 Nxc5 56. Bxc6 Ka7 57. Ke3 Kxa6 58. Be8 Kb6 59. Bh5 Kc6 60. Bxg4 Kd6 1/2-1/2

[Event "Kecskemet Caissa IM 10"]
[Site "Kecskemet"]
[Date "2013.10.25"]
[Round "7"]
[White "Sarosi, Zoltan"]
[Black "Meszaros, Andras"]
[Result "1/2-1/2"]
[WhiteElo "2272"]
[BlackElo "2299"]
[PlyCount "23"]
[EventDate "2013.10.19"]
[EventType "tourn"]
[EventRounds "9"]
[EventCountry "HUN"]
[EventCategory "2"]
[SourceTitle "EXT 2014"]
[Source "ChessBase"]
[SourceDate "2013.11.20"]
[SourceVersion "1"]
[SourceVersionDate "2013.11.20"]
[SourceQuality "1"]

1. e4 c5 2. Nf3 g6 3. d4 cxd4 4. Nxd4 Bg7 5. Nc3 Nc6 6. Be3 Nf6 7. Nxc6 bxc6 8. Be2 0-0 9. 0-0 d5 10. exd5 cxd5 11. Qd2 Bf5 12. Bd4 1/2-1/2